000 01909nem a2200469 i 4500
001 49225
003 KOSZ 005
005 20220826144426.0
006 e|||||r|a|| 0| 0
007 aj can||
008 110808s1972 pl a |000 0 pol
040 _cKOSZ 005
_aKOSZ 005/ID
_dKOSZ 005/AR
041 _apol
080 _a912(438)
080 _a550
100 1 _aBronowska, Elżbieta
_eAutor
245 1 0 _aMapa grawimetryczna Polski :
_banomalie Bouguera /
_cElżbieta Bronowska, Wacław Bujnowski, Andrzej Grobelny ; redaktorzy Janina Zając i Maria Tyska ; Instytut Geologiczny ; opracowanie graficzne Wydawnictwa Geologiczne ; redaktor B. Celińska.
255 _aSkala 1 : 500 000.
260 _a[Warszawa] :
_bWydawnictwa Geologiczne,
_c1972.
300 _a1 mapa na 4 arkuszach :
_bwielobarwna ;
_c80x84 cm i mniejsze, w tubie 10x98 cm.
336 _2rdacontent
_aMapa 2D
_bcri
337 _2rdamedia
_aBez urządzenia pośredniczącego
_bn
338 _2rdacarrier
_aArkusz
_bnb
380 _aMapy
388 _a1901-2000
505 0 _aSkorowidz zdjęć grawimetrycznych.
650 7 _aGeofizyka
650 7 _aGrawimetria
651 7 _aPolska
655 7 _aMapa geologiczna
658 _aGeografia i nauki o Ziemi
700 1 _aCelińska, Barbara
_eRedakcja
700 1 _aBujnowski, Wacław
_eAutor
700 1 _aGrobelny, Andrzej
_eAutor
700 1 _aZając, Janina
_c(geolog)
_eAutor
700 1 _aTyska, Maria
_d(1917-1974)
_eAutor
710 2 _aPaństwowy Instytut Geologiczny
_eInstytucja sprawcza
710 2 _aWydawnictwa Geologiczne
_eWydawca
856 _uhttp://koha.tu.koszalin.pl/cgi-bin/koha/opac-detail.pl?biblionumber=49225
_yKatalog online BPK
942 _cMP
_2UKD
999 _c49225
_d49225